000 00363nam a2200121 a 4500
005 20140414131844.0
008 100524s19uu xx 00 eng d
050 _aM 004.67
_bB87 1997
100 _aBurgstahler, Sheryl
245 _aNew kids on the net:
_bA tutorial for teachers, parents and students.
650 _aInternet
_xJuvenile literature
999 _c109843
_d109843